Maia (Registro nro. 17763)

Detalles MARC
000 -LDR (LÍDER)
Campo de control de longitud fija 01394nam a2200325 i 4500
003 - IDENTIFICADOR DEL NÚMERO DE CONTROL
Campo de control CO-PeBPR
005 - FECHA Y HORA DE LA ÚLTIMA TRANSACCIÓN
Campo de control 20260423100849.0
008 - ELEMENTOS DE DATOS DE LONGITUD FIJA--INFORMACIÓN GENERAL
Campo de control de longitud fija 260423s2024 ck a gr 000 j spa d
020 ## - Código Internacional normalizado para libros
Código Internacional normalizado para libros 9786287609310
040 0# - FUENTE DE CATALOGACIÓN
Agencia catalogadora original CO-BoRNBP
Idioma de la agencia catalogadora spa
Norma para la descripción rda
Agencia que transcribe CO-BoRNBP
041 0# - Código del Idioma
Código idioma del recurso original spa
082 04 - NÚMERO DE CLASIFICACIÓN DECIMAL DEWEY
Número de clasificación (i) Co863 D542ma
100 1# - ASIENTO PRINCIPAL--NOMBRE PERSONAL
Nombre personal Díaz Ortiz, Gloria Cecilia
Fechas asociadas al nombre 1951-
Términos de relación autora
245 10 - MENCIÓN DE TÍTULO
Título propiamente dicho Maia
Mención de responsabilidad / Gloria Cecilia Díaz ; ilustraciones de José Rosero
250 ## - MENCIÓN DE EDICIÓN
Mención de edición Edición especial
264 #1 - Área de la Producción Publicación, Distribución, Manufactura, etc.
Lugar de publicación, distribución, etc. Bogotá, Colombia
Nombre de la editorial, distribuidor, etc. : Babel
Fecha de publicación, distribución, etc. , 2024
300 ## - DESCRIPCIÓN FÍSICA
Extensión [40] páginas
Otros detalles físicos : ilustraciones a color
Dimensiones ; 23 centímetros
336 ## - Tipo de Contenido
Tipo de contenido texto
Código de tipo de contenido txt
337 ## - Tipo de Medio
Tipo de Medio sin mediación
Código de tipo de medio n
Fuente rdamedia
338 ## - Tipo de Soporte
Tipo de soporte volumen
Código de tipo de soporte nc
Fuente rdacarrier
504 ## - NOTA DE BIBLIOGRAFIA, ETC.
Nota de bibliografía Incluye bibliografía.
520 ## - NOTA DE RESUMEN, ETC.
Nota de sumario La niña la tomó en sus brazos se sentó con ella en un sillón y se puso a acariciarle el pelo mientras le hablaba de Matías. Un rato después, la madre las encontró profundamente dormidas; Maia con una sonrisa en los labios, Ioda ronroneando como solo saben hacer los gatos felices.
521 ## - NOTA DE AUDIENCIA
Nota de audiencia Recomendada para mayores de 6 años.
586 ## - NOTA DE PREMIOS
Nota de adjudicación Premio Iberoamericano de literatura infantil y juvenil
650 14 - ASIENTO SECUNDARIO DE MATERIA - TÉRMINO TEMÁTICO
Fuente del encabezado o término LEMB
Encabezamiento temático Cuentos infantiles colombianos
Subdivisión cronológica Siglo XX
650 14 - ASIENTO SECUNDARIO DE MATERIA - TÉRMINO TEMÁTICO
Fuente del encabezado o término LEMB
Encabezamiento temático Literatura infantil colombiana
Subdivisión cronológica Siglo XX
650 14 - ASIENTO SECUNDARIO DE MATERIA - TÉRMINO TEMÁTICO
Fuente del encabezado o término LEMB
Encabezamiento temático Niños
Subdivisión de forma Cuentos
700 1# - ASIENTO SECUNDARIO - NOMBRE PERSONAL
Nombre personal Rosero, José
Término de relación, rol en la obra ilustrador
942 ## - ENTRADA DE ELEMENTOS AGREGADOS (KOHA
Fuente de clasificación o esquema de estantería. Dewey Decimal Classification
Tipo de ítem Literatura Infantil
Existencias
Estado de pérdida Fuente del sistema de clasificación o colocación Estado de daño No disponible para préstamo Colección Biblioteca de origen Biblioteca actual Ubicación en estantería Signatura topográfica completa Ejemplar Código de barras Tipo de ítem Fecha de adquisición Fuente de adquisición Total de pagos Fecha de la última vez visto
  Dewey Decimal Classification     Infantil Sala de Patrimonio Bibliográfico y Documental - Biblioteca Departamental Sala de Patrimonio Bibliográfico y Documental - Biblioteca Departamental Área Infantil (i) Co863 D542ma Ej.1 RIBPD16094 Literatura Infantil 23/04/2026 Dotación MinCultura y BNC   23/04/2026